000 01440nam a2200361 a 4500
001 ebr10671187
003 CaPaEBR
006 m u
007 cr cn|||||||||
008 090629s2009 nyu sb 001 0 eng d
010 _z 2009464249
020 _z9781606927113 (pbk.)
020 _z1606927116 (pbk.)
020 _z9781613240960 (e-book)
040 _aCaPaEBR
_cCaPaEBR
035 _a(OCoLC)709854097
043 _an-us---
050 1 4 _aKF7695.S3
_bA2 2009eb
245 0 0 _aState Secrets Protection Act
_h[electronic resource] /
_cLara H. Nellington, editor.
260 _aNew York :
_bNova Science Publishers,
_cc2009.
300 _a90 p.
490 1 _aLaws and legislation
500 _aIncludes text of S. 2353 and excerpts from Senate Report 110-442 accompanying S. 2353.
504 _aIncludes bibliographical references and index.
533 _aElectronic reproduction.
_bPalo Alto, Calif. :
_cebrary,
_d2013.
_nAvailable via World Wide Web.
_nAccess may be limited to ebrary affiliated libraries.
650 0 _aOfficial secrets
_zUnited States.
650 0 _aExecutive privilege (Government information)
_zUnited States.
655 7 _aElectronic books.
_2local
700 1 _aNellington, Lara H.
710 2 _aebrary, Inc.
830 0 _aLaws and legislation series.
856 4 0 _uhttp://site.ebrary.com/lib/rucke/Doc?id=10671187
_zAn electronic book accessible through the World Wide Web; click to view
999 _c62343
_d62343